<?xml version="1.0" encoding="UTF-8"?><?xml-stylesheet type="text/xsl" href="static/style.xsl"?><OAI-PMH xmlns="http://www.openarchives.org/OAI/2.0/" xmlns:xsi="http://www.w3.org/2001/XMLSchema-instance" xsi:schemaLocation="http://www.openarchives.org/OAI/2.0/ http://www.openarchives.org/OAI/2.0/OAI-PMH.xsd"><responseDate>2026-04-30T01:33:34Z</responseDate><request verb="GetRecord" identifier="oai:uvadoc.uva.es:10324/83995" metadataPrefix="marc">https://uvadoc.uva.es/oai/request</request><GetRecord><record><header><identifier>oai:uvadoc.uva.es:10324/83995</identifier><datestamp>2026-04-10T19:01:05Z</datestamp><setSpec>com_10324_1175</setSpec><setSpec>com_10324_931</setSpec><setSpec>com_10324_894</setSpec><setSpec>col_10324_1355</setSpec></header><metadata><record xmlns="http://www.loc.gov/MARC21/slim" xmlns:doc="http://www.lyncode.com/xoai" xmlns:xsi="http://www.w3.org/2001/XMLSchema-instance" xmlns:dcterms="http://purl.org/dc/terms/" xsi:schemaLocation="http://www.loc.gov/MARC21/slim http://www.loc.gov/standards/marcxml/schema/MARC21slim.xsd">
<leader>00925njm 22002777a 4500</leader>
<datafield tag="042" ind1=" " ind2=" ">
<subfield code="a">dc</subfield>
</datafield>
<datafield tag="720" ind1=" " ind2=" ">
<subfield code="a">Martín Jiménez, Alfonso</subfield>
<subfield code="e">author</subfield>
</datafield>
<datafield tag="260" ind1=" " ind2=" ">
<subfield code="c">2021</subfield>
</datafield>
<datafield tag="520" ind1=" " ind2=" ">
<subfield code="a">Artículo de investigación y divulgación publicado en la revista "The Conversation"</subfield>
</datafield>
<datafield tag="024" ind2=" " ind1="8">
<subfield code="a">The Conversation, 8 de Enero de 2021</subfield>
</datafield>
<datafield tag="024" ind2=" " ind1="8">
<subfield code="a">https://uvadoc.uva.es/handle/10324/83995</subfield>
</datafield>
<datafield tag="024" ind2=" " ind1="8">
<subfield code="a">10.64628/AB.4f4cdj6v7</subfield>
</datafield>
<datafield ind1=" " ind2=" " tag="653">
<subfield code="a">Shakespeare</subfield>
</datafield>
<datafield ind1=" " ind2=" " tag="653">
<subfield code="a">Cervantes</subfield>
</datafield>
<datafield ind1=" " ind2=" " tag="653">
<subfield code="a">Autoría</subfield>
</datafield>
<datafield tag="245" ind1="0" ind2="0">
<subfield code="a">Shakespeare and Cervantes: what similarities between the famous writers reveal about mysteries of authorship</subfield>
</datafield>
</record></metadata></record></GetRecord></OAI-PMH>